[Event "Plovdiv BUL, 34th Tringov Mem"]
[Site "Plovdiv BUL"]
[Date "2012.01.31"]
[Round "4.12"]
[White "Radulski, Julian"]
[Black "Todorov, Ognjan"]
[Result "1/2-1/2"]
[WhiteElo "2570"]
[BlackElo "2294"]
[PlyCount "93"]
[EventDate "2012.01.29"]
[EventType "swiss"]
[EventRounds "9"]
[EventCountry "BUL"]

1. e4 e6 2. d4 d5 3. e5 c5 4. c3 Nc6 5. Nf3 Bd7 6. a3 Nge7 7. Bd3 cxd4 8. O-O
dxc3 9. Nxc3 Ng6 10. Re1 Be7 11. b4 O-O 12. Bb2 f6 13. Bxg6 hxg6 14. Nxd5 exd5
15. Qxd5+ Kh7 16. exf6 Bxf6 17. Bxf6 gxf6 18. b5 Be8 19. Qc5 Rf7 20. bxc6 Bxc6
21. Rad1 Qf8 22. Qe3 Bxf3 23. Qxf3 Re8 24. h4 Rxe1+ 25. Rxe1 Qc5 26. g3 Kg7 27.
Re8 Re7 28. Rb8 Qb5 29. Kg2 Rc7 30. Kh2 Qb2 31. Qe3 a6 32. Kg2 Qb5 33. Qe6 Qc6+
34. Qxc6 bxc6 35. Kf3 c5 36. Ke3 c4 37. Rb2 Rd7 38. Rd2 Rb7 39. a4 c3 40. Rc2
Rb4 41. a5 Ra4 42. Rxc3 Rxa5 43. Rc7+ Kh6 44. g4 Ra3+ 45. Ke4 Rh3 46. Rc6 Rxh4
47. f3 1/2-1/2

[Event "Plovdiv BUL, 34th Tringov Mem"]
[Site "Plovdiv BUL"]
[Date "2012.01.31"]
[Round "4.13"]
[White "Petrov, Marijan"]
[Black "Medancic, Rikard"]
[Result "1-0"]
[WhiteElo "2521"]
[BlackElo "2269"]
[PlyCount "43"]
[EventDate "2012.01.29"]
[EventType "swiss"]
[EventRounds "9"]
[EventCountry "BUL"]

1. e4 c5 2. Nf3 e6 3. g3 b6 4. Bg2 Bb7 5. Nc3 d6 6. d4 Nf6 7. d5 e5 8. a4 Be7
9. O-O Na6 10. Nd2 Nc7 11. f4 Ba6 12. fxe5 dxe5 13. Rf5 Nd7 14. Bf1 g6 15. Rf2
Bxf1 16. Qxf1 Bf6 17. d6 Ne6 18. Nd5 Bg5 19. Rxf7 Rf8 20. Rxf8+ Ndxf8 21. Nc4
Nd7 22. Nc7+ 1-0

[Event "Plovdiv BUL, 34th Tringov Mem"]
[Site "Plovdiv BUL"]
[Date "2012.01.31"]
[Round "4.14"]
[White "Nikolova, Adriana"]
[Black "Drenchev, Petar"]
[Result "0-1"]
[WhiteElo "2296"]
[BlackElo "2493"]
[PlyCount "94"]
[EventDate "2012.01.29"]
[EventType "swiss"]
[EventRounds "9"]
[EventCountry "BUL"]

1. e4 c5 2. c3 d5 3. exd5 Qxd5 4. d4 Nf6 5. Nf3 g6 6. Na3 Bg7 7. Bc4 Qe4+ 8.
Be3 O-O 9. dxc5 Ng4 10. Qc2 Qxc2 11. Nxc2 Nd7 12. Bg5 h6 13. Bh4 Nxc5 14. h3
Nf6 15. Bg3 Bf5 16. Ncd4 Bd3 17. Bb3 Nfe4 18. Bh2 e5 19. Ne2 Rad8 20. Rd1 Ba6
21. Bc2 Nd3+ 22. Bxd3 Bxd3 23. Nfg1 Ba6 24. b3 Rd7 25. f3 Nc5 26. Bg3 Rfd8 27.
Bh4 g5 28. Bf2 Nd3+ 29. Kf1 Nf4 30. Re1 b6 31. c4 Rd2 32. Nxf4 exf4 33. h4 b5
34. g4 bxc4 35. bxc4 Bxc4+ 36. Kg2 Rxa2 37. Nh3 Bf6 38. hxg5 hxg5 39. Rd1 Rdd2
40. Rxd2 Rxd2 41. Rc1 Bd5 42. Rc7 a5 43. Ra7 Bc3 44. Ra6 f6 45. Ra7 Bb3 46. Kf1
Rd1+ 47. Ke2 Rd5 0-1

[Event "Plovdiv BUL, 34th Tringov Mem"]
[Site "Plovdiv BUL"]
[Date "2012.01.31"]
[Round "4.15"]
[White "Radulov, Ivan"]
[Black "Grigorov, Grigor"]
[Result "0-1"]
[WhiteElo "2308"]
[BlackElo "2491"]
[PlyCount "88"]
[EventDate "2012.01.29"]
[EventType "swiss"]
[EventRounds "9"]
[EventCountry "BUL"]

1. Nf3 Nf6 2. g3 d5 3. Bg2 c6 4. O-O Bg4 5. d3 Nbd7 6. c4 dxc4 7. dxc4 e5 8.
Nc3 Be7 9. Qc2 O-O 10. b3 h6 11. Bb2 Qc7 12. Rfd1 Rfe8 13. h3 Be6 14. Nh4 Nc5
15. Nf5 Bf8 16. e4 a5 17. Ne3 Bc8 18. Rac1 Ne6 19. Na4 Nd7 20. Qe2 Ndc5 21.
Nxc5 Bxc5 22. Nf5 Kh7 23. Qh5 a4 24. Bc3 axb3 25. axb3 Ra2 26. Rd2 Rxd2 27.
Bxd2 Bf8 28. Qh4 Qd8 29. Qxd8 Rxd8 30. Bc3 g6 31. Ne3 Nd4 32. Rd1 Be6 33. Kf1
h5 34. Nc2 c5 35. Nxd4 exd4 36. Ke1 b5 37. Bf1 bxc4 38. Bxc4 Bxc4 39. bxc4 Re8
40. Ba5 Rxe4+ 41. Kd2 g5 42. Kd3 Re5 43. Rb1 f5 44. Rb2 Kg6 0-1

[Event "Plovdiv BUL, 34th Tringov Mem"]
[Site "Plovdiv BUL"]
[Date "2012.01.31"]
[Round "4.16"]
[White "Todorov, Momchil"]
[Black "Popchev, Milko"]
[Result "0-1"]
[WhiteElo "2226"]
[BlackElo "2463"]
[PlyCount "75"]
[EventDate "2012.01.29"]
[EventType "swiss"]
[EventRounds "9"]
[EventCountry "BUL"]

1. e4 g6 2. d4 Bg7 3. Nc3 c6 4. f4 d5 5. e5 h5 6. Be3 Nh6 7. Nf3 b6 8. h3 e6 9.
Bd3 Ba6 10. O-O Bxd3 11. Qxd3 Bf8 12. Ne2 h4 13. c4 Nf5 14. Bf2 Be7 15. Rac1
Kf8 16. cxd5 cxd5 17. Rc2 Kg7 18. Rfc1 a5 19. a3 Ra7 20. Nh2 Rb7 21. Nc3 Nc6
22. Nb5 Na7 23. Nxa7 Rxa7 24. Rc6 Qd7 25. Rxb6 Rc8 26. Rxc8 Qxc8 27. Nf1 Qc1
28. Be3 Qa1 29. Kh2 Rc7 30. Bd2 Qd1 31. Rb3 a4 32. Ba5 Rc1 33. Qxd1 Rxd1 34.
Rf3 Nxd4 35. Rf2 Nf5 36. Bb6 Rb1 37. g4 hxg3+ 38. Nxg3 0-1

[Event "Plovdiv BUL, 34th Tringov Mem"]
[Site "Plovdiv BUL"]
[Date "2012.01.31"]
[Round "4.17"]
[White "Smith, Bryan G"]
[Black "Fakhiridou, Ekaterini"]
[Result "1-0"]
[WhiteElo "2460"]
[BlackElo "2221"]
[PlyCount "75"]
[EventDate "2012.01.29"]
[EventType "swiss"]
[EventRounds "9"]
[EventCountry "BUL"]

1. e4 c5 2. Nc3 d6 3. Nge2 Nf6 4. d4 cxd4 5. Nxd4 Nc6 6. Bg5 e6 7. Qd2 Be7 8.
O-O-O a6 9. f4 O-O 10. Be2 Nxd4 11. Qxd4 Ne8 12. Bxe7 Qxe7 13. Qb6 f5 14. exf5
Rxf5 15. g3 Rc5 16. Rhe1 Qf8 17. Ne4 Rc6 18. Qb3 d5 19. Ng5 Nf6 20. Bd3 Qc5 21.
c3 h6 22. Nf3 Rb6 23. Qc2 Bd7 24. Ne5 Be8 25. g4 Qa5 26. g5 hxg5 27. fxg5 Ne4
28. Bxe4 dxe4 29. Nc4 Qxg5+ 30. Kb1 Rc6 31. Rg1 Qh5 32. Qg2 Qh7 33. Ne5 Rc7 34.
Rd4 Bb5 35. c4 Be8 36. Ka1 Bh5 37. Qg5 Rf8 38. Nd7 1-0

[Event "Plovdiv BUL, 34th Tringov Mem"]
[Site "Plovdiv BUL"]
[Date "2012.01.31"]
[Round "4.18"]
[White "Angelov, Kosta"]
[Black "Arsovic, Zoran"]
[Result "0-1"]
[WhiteElo "2223"]
[BlackElo "2441"]
[PlyCount "100"]
[EventDate "2012.01.29"]
[EventType "swiss"]
[EventRounds "9"]
[EventCountry "BUL"]

1. e4 c5 2. c3 e6 3. d4 d5 4. exd5 exd5 5. Be3 cxd4 6. Bxd4 Nc6 7. Nf3 Nxd4 8.
Qxd4 a6 9. Bd3 Nf6 10. O-O Be7 11. Nbd2 O-O 12. h3 Bd6 13. Rfe1 Bc7 14. Rad1
Be6 15. Ne5 h6 16. Ndf3 Bb6 17. Qh4 Ne4 18. Bxe4 Qxh4 19. Nxh4 dxe4 20. Rxe4
Rfd8 21. Rf1 Bxa2 22. Nhf3 a5 23. Nc4 Bc7 24. Ra1 Bb3 25. Nfd2 Bc2 26. Re7 Rac8
27. Nf3 Kf8 28. Ree1 Ra8 29. Nd4 Bd3 30. Ne5 Ba6 31. Ng6+ Kg8 32. Ne7+ Kh7 33.
Nef5 Rd7 34. b4 Bc4 35. bxa5 Rxa5 36. Ne3 Ba6 37. Nb3 Rb5 38. Nd4 Rb2 39. Ra4
Rb6 40. g3 g6 41. Kg2 Kg7 42. Nc4 Rf6 43. Rb1 Rd5 44. Ne3 Rc5 45. Nb3 Rg5 46.
h4 Rh5 47. Rd4 Bb6 48. Rd7 Bb5 49. Re7 Bc6+ 50. Kg1 Bd8 0-1

[Event "Plovdiv BUL, 34th Tringov Mem"]
[Site "Plovdiv BUL"]
[Date "2012.01.31"]
[Round "4.19"]
[White "Bruno, Fabio"]
[Black "Andreev, Sasho"]
[Result "1-0"]
[WhiteElo "2439"]
[BlackElo "2201"]
[PlyCount "65"]
[EventDate "2012.01.29"]
[EventType "swiss"]
[EventRounds "9"]
[EventCountry "BUL"]

1. d4 Nf6 2. Nf3 e6 3. e3 b6 4. Bd3 Bb7 5. O-O Be7 6. c4 O-O 7. Nc3 c5 8. d5
Na6 9. e4 d6 10. a3 Nc7 11. b4 exd5 12. cxd5 Nd7 13. Bf4 Bf6 14. Qd2 Qe7 15.
Rab1 Rfd8 16. Rfe1 Rac8 17. Bf1 Ne5 18. bxc5 dxc5 19. Qc1 Nxf3+ 20. gxf3 Bd4
21. Ne2 Be5 22. Bg3 Bxg3 23. hxg3 Re8 24. Nc3 Qf6 25. f4 Rcd8 26. Bg2 Ba8 27.
Qc2 Qe7 28. Qb3 c4 29. Qxc4 Qxa3 30. Ra1 Qc5 31. Qxc5 bxc5 32. Red1 a6 33. Ra5
1-0

[Event "Plovdiv BUL, 34th Tringov Mem"]
[Site "Plovdiv BUL"]
[Date "2012.01.31"]
[Round "4.20"]
[White "Stankov, Apostol"]
[Black "Videnova, Iva"]
[Result "0-1"]
[WhiteElo "1916"]
[BlackElo "2360"]
[PlyCount "28"]
[EventDate "2012.01.29"]
[EventType "swiss"]
[EventRounds "9"]
[EventCountry "BUL"]

1. e4 c5 2. Nf3 Nc6 3. d4 cxd4 4. Nxd4 g6 5. Nc3 Bg7 6. Be3 Nf6 7. Nxc6 bxc6 8.
e5 Ng8 9. Bd4 Qa5 10. e6 Nf6 11. exd7+ Bxd7 12. Bc4 Rd8 13. Qd2 Bf5 14. g4 Nxg4
0-1

[Event "Plovdiv BUL, 34th Tringov Mem"]
[Site "Plovdiv BUL"]
[Date "2012.01.31"]
[Round "4.22"]
[White "Janev, Evgeni"]
[Black "Manelidou, Maria"]
[Result "1-0"]
[WhiteElo "2503"]
[BlackElo "2076"]
[PlyCount "81"]
[EventDate "2012.01.29"]
[EventType "swiss"]
[EventRounds "9"]
[EventCountry "BUL"]

1. e4 e5 2. Nf3 Nc6 3. Bc4 Bc5 4. c3 Qf6 5. d3 h6 6. O-O d6 7. Be3 Nge7 8. d4
Bb6 9. d5 Nb8 10. a4 O-O 11. a5 Bxe3 12. fxe3 Qg6 13. Bd3 Nd7 14. c4 Nf6 15.
Nc3 Ng4 16. Qd2 h5 17. Rae1 a6 18. b4 Qh6 19. h3 Nf6 20. c5 g5 21. Qf2 Kg7 22.
Nd2 h4 23. Be2 g4 24. hxg4 Nxg4 25. Bxg4 Bxg4 26. Nf3 Bxf3 27. Qxf3 f5 28. Qh3
Qg5 29. exf5 Nxf5 30. Ne4 Qg6 31. cxd6 cxd6 32. Rc1 Rf7 33. Rc7 Raf8 34. Rxf5
Rxc7 35. Rg5 Rc1+ 36. Kh2 Qxg5 37. Nxg5 Rff1 38. Qd7+ Kg6 39. Kh3 Rh1+ 40. Kg4
Rc4+ 41. e4 1-0

[Event "Plovdiv BUL, 34th Tringov Mem"]
[Site "Plovdiv BUL"]
[Date "2012.01.31"]
[Round "4.23"]
[White "Mourelatos, Ilias"]
[Black "Miljkovic, Miroslav D"]
[Result "0-1"]
[WhiteElo "2054"]
[BlackElo "2491"]
[PlyCount "78"]
[EventDate "2012.01.29"]
[EventType "swiss"]
[EventRounds "9"]
[EventCountry "BUL"]

1. e4 c5 2. Nf3 Nc6 3. d4 cxd4 4. Nxd4 Nf6 5. Nc3 e5 6. Ndb5 d6 7. Nd5 Nxd5 8.
exd5 Nb8 9. a4 Be7 10. Be3 a6 11. Na3 O-O 12. Nc4 Nd7 13. a5 f5 14. f4 Bf6 15.
Be2 exf4 16. Bxf4 Ne5 17. Nb6 Rb8 18. O-O Ng6 19. Bc1 Be5 20. Ra3 f4 21. Nxc8
Rxc8 22. Rh3 h6 23. b4 Rf6 24. c4 b6 25. Bd2 bxa5 26. bxa5 Qc7 27. Kh1 Ne7 28.
Qb1 Rcf8 29. Rb3 Nf5 30. Rb7 Qd8 31. Qb6 Qe8 32. Bf3 Bd4 33. Qc6 Qg6 34. Bxf4
Nh4 35. Bg3 Nxf3 36. gxf3 Qd3 37. Rbb1 Rxf3 38. Rfe1 Rf1+ 39. Kg2 R1f2+ 0-1

[Event "Plovdiv BUL, 34th Tringov Mem"]
[Site "Plovdiv BUL"]
[Date "2012.01.31"]
[Round "4.24"]
[White "Kolev, Atanas Tonchev"]
[Black "Bratanov, Zsivko"]
[Result "1/2-1/2"]
[WhiteElo "2049"]
[BlackElo "2459"]
[PlyCount "114"]
[EventDate "2012.01.29"]
[EventType "swiss"]
[EventRounds "9"]
[EventCountry "BUL"]

1. d4 Nf6 2. Nf3 e6 3. c4 b6 4. g3 Bb7 5. Bg2 Bb4+ 6. Nbd2 O-O 7. O-O d5 8. Ne5
Nbd7 9. Nd3 Bd6 10. cxd5 exd5 11. Nf3 Re8 12. Bf4 Bf8 13. Rc1 c5 14. dxc5 bxc5
15. b3 a5 16. Nfe5 a4 17. Nxd7 Nxd7 18. Be3 Qb6 19. Nb2 d4 20. Nc4 Qa6 21. Bxb7
Qxb7 22. Bf4 Ra6 23. e3 Qd5 24. exd4 cxd4 25. Ne3 Qe4 26. f3 Qe6 27. Qxd4 axb3
28. axb3 Ra5 29. b4 Rb5 30. Nc2 Rd5 31. Qf2 Ne5 32. Bxe5 Rxe5 33. Rfe1 Qc4 34.
Rxe5 Rxe5 35. Qd4 Qc7 36. Qd2 g6 37. Kg2 Qc4 38. Nd4 Qd5 39. Qc3 h5 40. Qc4 Qd7
41. h4 Rd5 42. Nb3 Rd3 43. Rc2 Qf5 44. Rf2 Rd1 45. Nd2 Qe5 46. Ne4 Rd4 47. Qa2
Be7 48. Re2 Bxb4 49. Ng5 Qf6 50. Qa8+ Kg7 51. Qb7 Rd2 52. Rxd2 Bxd2 53. Nxf7
Kg8 54. Qd5 Qxf7 55. Qxd2 Qe6 56. Qd8+ Kf7 57. Qc7+ Kg8 1/2-1/2

[Event "Plovdiv BUL, 34th Tringov Mem"]
[Site "Plovdiv BUL"]
[Date "2012.02.01"]
[Round "5.1"]
[White "Cheparinov, Ivan"]
[Black "Bukal, Vladimir Jr"]
[Result "1-0"]
[WhiteElo "2659"]
[BlackElo "2434"]
[PlyCount "59"]
[EventDate "2012.01.29"]
[EventType "swiss"]
[EventRounds "9"]
[EventCountry "BUL"]

1. d4 e6 2. Nf3 b6 3. e4 Bb7 4. Bd3 c5 5. c3 Nf6 6. Qe2 Be7 7. O-O Nc6 8. a3
Na5 9. Nbd2 c4 10. Bc2 Qc7 11. Ne5 O-O 12. Ng4 Nxg4 13. Qxg4 f6 14. f4 Rf7 15.
f5 exf5 16. Rxf5 g6 17. Rf2 Raf8 18. Nf1 Nb3 19. Bf4 d6 20. Re1 Bc8 21. Qg3 g5
22. Be3 h5 23. h4 Rg7 24. Qh2 Bg4 25. Ng3 d5 26. Nf5 Qxh2+ 27. Kxh2 Bxf5 28.
Rxf5 Bd6+ 29. Kg1 gxh4 30. Bh6 1-0

[Event "Plovdiv BUL, 34th Tringov Mem"]
[Site "Plovdiv BUL"]
[Date "2012.02.01"]
[Round "5.2"]
[White "Nikolov, Momchil"]
[Black "Lilov, Valeri"]
[Result "1/2-1/2"]
[WhiteElo "2560"]
[BlackElo "2411"]
[PlyCount "44"]
[EventDate "2012.01.29"]
[EventType "swiss"]
[EventRounds "9"]
[EventCountry "BUL"]

1. d4 f5 2. Nf3 Nf6 3. c4 e6 4. g3 c6 5. Bg2 d5 6. O-O Bd6 7. b3 Qe7 8. a4 a5
9. Ba3 O-O 10. e3 b6 11. Ne5 Bb7 12. Bxd6 Qxd6 13. Qc2 Na6 14. Na3 Rac8 15. Qb2
Nb4 16. Rfd1 Qe7 17. Rac1 c5 18. Nb5 Rfd8 19. Na7 Ra8 20. Nb5 Rac8 21. Na7 Ra8
22. Nb5 Rac8 1/2-1/2

[Event "Plovdiv BUL, 34th Tringov Mem"]
[Site "Plovdiv BUL"]
[Date "2012.02.01"]
[Round "5.4"]
[White "Arsovic, Zoran"]
[Black "Georgiev, Kiril"]
[Result "0-1"]
[WhiteElo "2441"]
[BlackElo "2658"]
[PlyCount "115"]
[EventDate "2012.01.29"]
[EventType "swiss"]
[EventRounds "9"]
[EventCountry "BUL"]

1. Nf3 Nf6 2. c4 e6 3. g3 d5 4. Bg2 Be7 5. O-O O-O 6. d4 c6 7. Qc2 b6 8. Rd1
Bb7 9. b3 Na6 10. Nc3 Rc8 11. e3 Qc7 12. Bb2 c5 13. Qe2 dxc4 14. Nb5 Qb8 15.
bxc4 Qa8 16. a4 Nc7 17. Nc3 Ne4 18. a5 Nxc3 19. Bxc3 b5 20. a6 Be4 21. Ne1 Bxg2
22. Nxg2 bxc4 23. dxc5 Nd5 24. Bd4 Bxc5 25. Qxc4 Bxd4 26. Qxd4 Nc3 27. Re1 Rfd8
28. Qb4 Rc7 29. e4 Rb8 30. Qd4 Rbc8 31. f3 Qb8 32. Nf4 Rd8 33. Qe3 h6 34. Rac1
Qb2 35. Nd3 Qb5 36. Nf4 Rdc8 37. Ra1 Qb2 38. Qf2 Qb3 39. Qe3 Qc4 40. Kg2 Rb8
41. Qd2 Qb3 42. Rac1 Rbc8 43. Qd3 Qb4 44. Ne2 Kh7 45. Rxc3 Rxc3 46. Nxc3 Rxc3
47. Qe2 Qa4 48. Rd1 Rc2 49. Rd2 Rxd2 50. Qxd2 Qxa6 51. g4 Qb5 52. h4 a5 53. Qd6
a4 54. Qe7 Qb2+ 55. Kh3 a3 56. Qxf7 Qf6 57. Qa7 Qxf3+ 58. Kh2 0-1

[Event "Plovdiv BUL, 34th Tringov Mem"]
[Site "Plovdiv BUL"]
[Date "2012.02.01"]
[Round "5.5"]
[White "Spasov, Vasil"]
[Black "Bruno, Fabio"]
[Result "1-0"]
[WhiteElo "2570"]
[BlackElo "2439"]
[PlyCount "64"]
[EventDate "2012.01.29"]
[EventType "swiss"]
[EventRounds "9"]
[EventCountry "BUL"]

1. e4 c5 2. Nf3 e6 3. d4 cxd4 4. Nxd4 a6 5. Be2 Qc7 6. O-O Nf6 7. Nc3 d6 8. f4
Nbd7 9. Bf3 Be7 10. Kh1 h5 11. a4 Ng4 12. Bxg4 hxg4 13. Qxg4 Nf6 14. Qf3 b6 15.
Be3 Bb7 16. Bg1 Rc8 17. Rae1 Qd7 18. Qd3 Rh5 19. Nde2 Bd8 20. Ng3 Rh4 21. Bd4
Qc6 22. Re2 Qc4 23. h3 Kd7 24. Qd2 b5 25. axb5 axb5 26. b3 Qc6 27. Na2 Ke8 28.
Nb4 Qd7 29. Nd3 Kf8 30. Bg1 Qc6 31. Nb4 Qd7 32. Nd3 Qc6 {...} 1-0

[Event "Plovdiv BUL, 34th Tringov Mem"]
[Site "Plovdiv BUL"]
[Date "2012.02.01"]
[Round "5.6"]
[White "Ristic, Nenad"]
[Black "Petrov, Marijan"]
[Result "0-1"]
[WhiteElo "2427"]
[BlackElo "2521"]
[PlyCount "46"]
[EventDate "2012.01.29"]
[EventType "swiss"]
[EventRounds "9"]
[EventCountry "BUL"]

1. e4 g6 2. d4 Bg7 3. Nc3 c6 4. Nf3 d6 5. Be3 Nf6 6. h3 O-O 7. Qd2 Nbd7 8. Bh6
e5 9. dxe5 dxe5 10. O-O-O Qe7 11. Qg5 Re8 12. Bc4 b5 13. Bd3 Nc5 14. Qh4 b4 15.
Ne2 Nfxe4 16. Bxg7 Qxh4 17. Nxh4 Kxg7 18. Bxe4 Nxe4 19. Rhf1 Ba6 20. Rde1 Rad8
21. Nf3 Bc4 22. Nfg1 Nd2 23. b3 Bxe2 0-1

[Event "Plovdiv BUL, 34th Tringov Mem"]
[Site "Plovdiv BUL"]
[Date "2012.02.01"]
[Round "5.8"]
[White "Antic, Dejan"]
[Black "Arsovic, Goran"]
[Result "1-0"]
[WhiteElo "2504"]
[BlackElo "2422"]
[PlyCount "89"]
[EventDate "2012.01.29"]
[EventType "swiss"]
[EventRounds "9"]
[EventCountry "BUL"]

1. d4 Nf6 2. c4 g6 3. Nc3 Bg7 4. e4 d6 5. Nf3 O-O 6. Be2 e5 7. O-O exd4 8. Nxd4
Re8 9. f3 c6 10. Kh1 Nbd7 11. Be3 a6 12. Nc2 Ne5 13. f4 Neg4 14. Bg1 h5 15. Bf3
Be6 16. Qd3 d5 17. cxd5 cxd5 18. e5 Bf5 19. Qe2 Ne4 20. Nd4 f6 21. Bxe4 Bxe4
22. Nxe4 fxe5 23. fxe5 Rxe5 24. Qf3 dxe4 25. Qf7+ Kh7 26. Ne6 Qg8 27. Nxg7 Qxf7
28. Rxf7 Kg8 29. Rxb7 e3 30. h3 Nf2+ 31. Kh2 Rf8 32. Re1 Rf7 33. Rxf7 Kxf7 34.
Kg3 Kxg7 35. Bxf2 h4+ 36. Kf3 exf2 37. Kxf2 Rb5 38. b3 Kf6 39. Re4 Rc5 40. Rxh4
Rc2+ 41. Kg3 a5 42. Ra4 Rc5 43. Kf4 Re5 44. h4 Rf5+ 45. Ke3 1-0

[Event "Plovdiv BUL, 34th Tringov Mem"]
[Site "Plovdiv BUL"]
[Date "2012.02.01"]
[Round "5.9"]
[White "Drenchev, Petar"]
[Black "Nikolov, Sasho"]
[Result "1-0"]
[WhiteElo "2493"]
[BlackElo "2407"]
[PlyCount "105"]
[EventDate "2012.01.29"]
[EventType "swiss"]
[EventRounds "9"]
[EventCountry "BUL"]

1. c4 e6 2. Nf3 d5 3. d4 c6 4. Qd3 Nf6 5. Nc3 Nbd7 6. e4 Bb4 7. e5 Ne4 8. Be2
Nb6 9. Qc2 Nxc3 10. bxc3 Be7 11. c5 Nd7 12. Bd3 h6 13. O-O b6 14. cxb6 axb6 15.
Qe2 Nb8 16. Ne1 Ba6 17. f4 g6 18. g4 h5 19. f5 hxg4 20. fxg6 fxg6 21. Qxg4 Kd7
22. a4 Bxd3 23. Nxd3 Na6 24. Nf4 Qg8 25. Nxg6 Qh7 26. Ra2 Rhg8 27. Rg2 Nc7 28.
h4 Rxa4 29. h5 c5 30. Bg5 Bxg5 31. Qxg5 Raa8 32. Rgf2 Rg7 33. Rf8 Kc6 34. Rxa8
Nxa8 35. Kg2 Nc7 36. Kh3 b5 37. dxc5 Kxc5 38. Kh4 Kb6 39. Rf6 Kb7 40. Qe3 Rg8
41. Qf4 Rg7 42. Kg4 Rd7 43. Nf8 Rg7+ 44. Rg6 Rxg6+ 45. hxg6 Qg7 46. Qf6 Ne8 47.
Qf7+ Ka6 48. Qxe6+ Ka5 49. Qxe8 d4 50. cxd4 Qb7 51. Ne6 b4 52. Qa4+ Kxa4 53.
Nc5+ 1-0

[Event "Plovdiv BUL, 34th Tringov Mem"]
[Site "Plovdiv BUL"]
[Date "2012.02.01"]
[Round "5.11"]
[White "Popchev, Milko"]
[Black "Dobrev, Nayden"]
[Result "1/2-1/2"]
[WhiteElo "2463"]
[BlackElo "2256"]
[PlyCount "44"]
[EventDate "2012.01.29"]
[EventType "swiss"]
[EventRounds "9"]
[EventCountry "BUL"]

1. g3 Nf6 2. Bg2 g6 3. e4 d6 4. d4 Bg7 5. Nc3 e5 6. Nge2 O-O 7. O-O Nc6 8. dxe5
Nxe5 9. h3 Re8 10. a4 a5 11. Nd4 Bd7 12. Re1 Nc6 13. Be3 Nxd4 14. Bxd4 Bc6 15.
b3 Nd7 16. Bxg7 Kxg7 17. Qd2 Nc5 18. Re3 Qf6 19. Rae1 Re7 20. Rf3 Qe5 21. Rfe3
Qf6 22. Rf3 Qe6 1/2-1/2

[Event "Plovdiv BUL, 34th Tringov Mem"]
[Site "Plovdiv BUL"]
[Date "2012.02.01"]
[Round "5.12"]
[White "Videnova, Iva"]
[Black "Smith, Bryan G"]
[Result "0-1"]
[WhiteElo "2360"]
[BlackElo "2460"]
[PlyCount "110"]
[EventDate "2012.01.29"]
[EventType "swiss"]
[EventRounds "9"]
[EventCountry "BUL"]

1. e4 e6 2. d4 d5 3. Nc3 Nf6 4. e5 Nfd7 5. f4 c5 6. Nf3 Nc6 7. Be3 cxd4 8. Nxd4
Bc5 9. Qd2 O-O 10. a3 a6 11. b4 Bxd4 12. Bxd4 Nxd4 13. Qxd4 Nb8 14. Bd3 f6 15.
O-O Nc6 16. Qe3 Bd7 17. exf6 Qxf6 18. Qh3 Qd4+ 19. Kh1 g6 20. Ne2 Qg7 21. Qe3
e5 22. Qc5 exf4 23. Qxd5+ Kh8 24. Qg5 f3 25. gxf3 Ne5 26. Be4 Nxf3 27. Bxf3
Rxf3 28. Rxf3 Qxa1+ 29. Qg1 Qg7 30. Nd4 Qe5 31. Qf2 Kg8 32. Qe3 Qd5 33. Kg1 Rc8
34. c3 Re8 35. Qf4 b5 36. h4 Bc8 37. h5 gxh5 38. Qf6 Bg4 39. Rf1 Qe5 40. Qf7+
Kh8 41. Qf6+ Qxf6 42. Rxf6 Ra8 43. Kh2 Kg7 44. Rb6 h4 45. Ne6+ Kg8 46. Nc5 Re8
47. Rxa6 Re2+ 48. Kg1 h3 49. Rh6 Kg7 50. Rh4 h5 51. Nd3 Rg2+ 52. Kh1 Kf6 53.
Nf4 Kg5 54. Rxh3 Ra2 55. Rd3 Kxf4 0-1

[Event "Plovdiv BUL, 34th Tringov Mem"]
[Site "Plovdiv BUL"]
[Date "2012.02.01"]
[Round "5.13"]
[White "Valles, Manuel"]
[Black "Radulski, Julian"]
[Result "0-1"]
[WhiteElo "2282"]
[BlackElo "2570"]
[PlyCount "50"]
[EventDate "2012.01.29"]
[EventType "swiss"]
[EventRounds "9"]
[EventCountry "BUL"]

1. d4 d5 2. c4 e6 3. Nf3 Nf6 4. Nc3 Nbd7 5. Bg5 h6 6. Bh4 Be7 7. cxd5 Nxd5 8.
Bxe7 Qxe7 9. e4 Nxc3 10. bxc3 O-O 11. Bd3 b6 12. O-O Bb7 13. Qe2 c5 14. a4 cxd4
15. cxd4 e5 16. d5 Nc5 17. Bc4 Rfc8 18. Rfd1 Qd6 19. Nh4 g6 20. a5 bxa5 21.
Rxa5 Qd8 22. Nxg6 fxg6 23. d6+ Kh7 24. Bf7 Qxa5 25. Bxg6+ Kg7 0-1

[Event "Plovdiv BUL, 34th Tringov Mem"]
[Site "Plovdiv BUL"]
[Date "2012.02.01"]
[Round "5.14"]
[White "Petkov, Vladimir"]
[Black "Livaja, Mario"]
[Result "1-0"]
[WhiteElo "2519"]
[BlackElo "2234"]
[PlyCount "55"]
[EventDate "2012.01.29"]
[EventType "swiss"]
[EventRounds "9"]
[EventCountry "BUL"]

1. d4 Nf6 2. c4 g6 3. Nc3 Bg7 4. e4 d6 5. Be2 O-O 6. Be3 e5 7. d5 a5 8. g4 Na6
9. h4 Qe8 10. g5 Nd7 11. h5 Ndc5 12. Nf3 Bd7 13. Nh2 c6 14. Bg4 Nb4 15. Bxc5
dxc5 16. a3 Na6 17. Bxd7 Qxd7 18. Ng4 f5 19. gxf6 Bxf6 20. hxg6 Qg7 21. Rxh7
Qxg6 22. Rh6 Qg5 23. Rxf6 Rxf6 24. Nxf6+ Qxf6 25. Qg4+ Qg7 26. Qe6+ Qf7 27.
Qxe5 Qf3 28. Qg3+ 1-0

[Event "Plovdiv BUL, 34th Tringov Mem"]
[Site "Plovdiv BUL"]
[Date "2012.02.01"]
[Round "5.15"]
[White "Todorov, Ognjan"]
[Black "Janev, Evgeni"]
[Result "1/2-1/2"]
[WhiteElo "2294"]
[BlackElo "2503"]
[PlyCount "28"]
[EventDate "2012.01.29"]
[EventType "swiss"]
[EventRounds "9"]
[EventCountry "BUL"]

1. d4 Nf6 2. c4 d6 3. Nf3 g6 4. g3 Bg7 5. Bg2 O-O 6. O-O c6 7. b3 Bf5 8. Bb2 d5
9. Nbd2 Ne4 10. e3 Nd7 11. Qe2 a5 12. Rfc1 a4 13. Nxe4 Bxe4 14. cxd5 cxd5
1/2-1/2

[Event "Plovdiv BUL, 34th Tringov Mem"]
[Site "Plovdiv BUL"]
[Date "2012.02.01"]
[Round "5.16"]
[White "Miljkovic, Miroslav D"]
[Black "Mogilarov, Dimitar"]
[Result "0-1"]
[WhiteElo "2491"]
[BlackElo "2189"]
[PlyCount "72"]
[EventDate "2012.01.29"]
[EventType "swiss"]
[EventRounds "9"]
[EventCountry "BUL"]

1. d4 Nf6 2. c4 c5 3. d5 e6 4. Nc3 exd5 5. cxd5 d6 6. e4 g6 7. f4 Bg7 8. Bb5+
Bd7 9. e5 dxe5 10. fxe5 Nh5 11. e6 Bxc3+ 12. bxc3 Bxb5 13. Nf3 fxe6 14. Qb3 Ba6
15. c4 exd5 16. Bg5 Qa5+ 17. Bd2 Qc7 18. Bh6 Nc6 19. cxd5 Nb4 20. O-O-O O-O-O
21. Rd2 Nf4 22. d6 Nfd3+ 23. Rxd3 Nxd3+ 24. Qxd3 Bxd3 25. dxc7 Kxc7 26. Ne5
Rhe8 27. Bf4 Kb6 28. Re1 c4 29. Kb2 Kc5 30. a3 Kd5 31. Kc3 Re6 32. Bg3 Rde8 33.
Nxd3 cxd3 34. Rd1 Re3 35. Bf2 Rc8+ 36. Kd2 Ke4 0-1

[Event "Plovdiv BUL, 34th Tringov Mem"]
[Site "Plovdiv BUL"]
[Date "2012.02.01"]
[Round "5.17"]
[White "Skoko, Milan"]
[Black "Stanojoski, Zvonko"]
[Result "0-1"]
[WhiteElo "2189"]
[BlackElo "2455"]
[PlyCount "82"]
[EventDate "2012.01.29"]
[EventType "swiss"]
[EventRounds "9"]
[EventCountry "BUL"]

1. e4 c5 2. c3 d5 3. exd5 Qxd5 4. d4 Nf6 5. Nf3 Bg4 6. dxc5 Qxd1+ 7. Kxd1 e5 8.
b4 e4 9. h3 Bh5 10. g4 Nxg4 11. hxg4 Bxg4 12. Nbd2 exf3 13. Bd3 Nc6 14. Re1+
Be7 15. Be4 Kf8 16. Kc2 Re8 17. Nxf3 Bf6 18. Bxc6 Rxe1 19. Nxe1 bxc6 20. a4 Ke7
21. Bf4 Kd7 22. f3 Bf5+ 23. Kb3 g5 24. Rd1+ Kc8 25. Bg3 Rd8 26. Rd6 Rxd6 27.
Bxd6 h5 28. b5 Kb7 29. Nc2 Be6+ 30. c4 a5 31. bxa6+ Kxa6 32. Nb4+ Kb7 33. a5
Bd7 34. a6+ Ka8 35. Kc2 h4 36. Kd2 Ka7 37. Ke2 Bc3 38. Nd3 f6 39. Nf2 Bf5 40.
Nd1 Bd4 41. Ne3 Bg6 {...} 0-1